Film basati su videogiochi con maggiori incassi nella storia - Statistics

Statistiche generali
  • Questo quiz è stato fatto 67 volte
  • Il punteggio medio è 4 su 14
Statistiche sulle risposte
Incasso ($) Anno di uscita del film Film % Corretto
1 362 015 510 2023 Super Mario Bros. - Il film
52%
407 141 258 2022 Uncharted
51%
450 062 638 2019 Pokémon Detective Pikachu
49%
320 954 026 2020 Sonic - Il film
46%
405 421 518 2022 Sonic - Il film 2
46%
300 228 054 2010 Resident Evil: Afterlife
41%
312 257 250 2017 Resident Evil: The Final Chapter
41%
274 650 803 2018 Tomb Raider
28%
252 358 025 2023 Five Nights at Freddy's
25%
439 048 914 2016 Warcraft - L'inizio
8%
353 333 929 2016 Angry Birds - Il film
5%
274 703 340 2001 Lara Croft: Tomb Raider
5%
336 365 676 2010 Prince of Persia - Le sabbie del tempo
5%
428 028 233 2018 Rampage - Furia animale
2%
Nessun quiz corrispondente trovato
Distribuzione punteggi
Percentuale di utenti per punteggio
Percentile per numero di risposta
I tuoi punteggi nel tempo
Non hai fatto questo quiz